| 000 | 00804nab a22002417a 4500 | ||
|---|---|---|---|
| 999 |
_c6777 _d6777 |
||
| 003 | OSt | ||
| 005 | 20231121103117.0 | ||
| 008 | 141230s2014 sp a|||| |||| 00| 0 spa d | ||
| 022 | _a2171-2824 | ||
| 040 |
_cCDMR _bcat |
||
| 245 | 0 | 0 | _aInforme anual de la profesión periodística |
| 260 |
_aMadrid : _bAsociación de la Prensa de Madrid, _c2004- |
||
| 300 |
_avol. : _bil. col., gràf. _c26 cm |
||
| 310 | _aAnual | ||
| 362 | 0 | _a2004- | |
| 500 | _aCada volum té ISBN i DL diferents | ||
| 650 | 0 | 4 |
_93726 _aPeriodistes _zEspanya |
| 650 | 0 | 4 |
_94120 _aEmpreses periodístiques _zEspanya |
| 650 | 0 | 4 |
_94341 _aMercat de treball _zEspanya |
| 710 | 2 |
_987 _aAsociación de la Prensa de Madrid |
|
| 856 |
_uhttps://www.apmadrid.es/publicaciones/informe-anual-de-la-profesion/ _zAccés lliure |
||
| 942 |
_cSER _2udc |
||